[Event "VII Sunway Sitges Open 2020"]
[Site "Sitges"]
[Date "2020.12.22"]
[Round "9.9"]
[White "Nevednichy, Vladislav"]
[Black "Ayats Llobera, Gerard"]
[Result "1-0"]
[WhiteElo "2546"]
[BlackElo "2400"]
[Annotator "TA"]
[PlyCount "81"]
[EventDate "2020.12.13"]
[EventType "swiss"]
[EventCountry "ESP"]
[SourceTitle "playchess.com"]
[Source "ChessBase"]
[SourceQuality "1"]

{[%evp 22,81,25,38,34,35,36,37,28,30,38,26,39,23,41,29,68,38,68,43,72,17,33,33,31,39,33,46,64,0,0,0,87,-31,81,77,77,84,85,98,93,95,75,97,295,297,394,388,573,551,539,316,613,591,1027,1020,1089,927,6411,6387,29997,29998]} 1. e4 c5 2. Nf3 d6 3. Bb5+ Bd7 4. c4 Nf6 5. Nc3 a6 6. Bxd7+ Nbxd7 7. O-O e6 8. d4 cxd4 9. Nxd4 Be7 10. b3 O-O 11. Bb2 Re8 12. Qe2 Bf8 {B52: Sicilian: Moscow Variation with 3...Bd7.} 13. Rad1 Qa5 14. Kh1 Rad8 {White is slightly better.} 15. f4 {[#]} h6 $146 ({Predecessor:} 15... Qh5 16. Nf3 Qg4 17. Qe3 Qh5 18. Ne2 Qa5 19. Nc3 b5 20. Nd4 b4 21. Nc6 Qh5 {0-1 (28) Sedina,E (2400)-Novikov,I (2580) Nova Gorica 1997}) 16. Rf3 Rc8 17. f5 Kh8 18. Rdf1 Ne5 19. Rg3 Qd8 20. Rh3 d5 21. fxe6 ({White should play} 21. cxd5 $16 {[%cal Rf5e6]} Bc5 22. fxe6 Bxd4 23. Qd2) 21... dxc4 $11 22. exf7 Nxf7 23. Nf5 $1 cxb3 24. axb3 Rc6 25. Re3 (25. Rd3 $14 Qc8 26. Rg3) 25... Rce6 $1 26. Ng3 Ne5 {[#]} (26... Bc5 $11 27. Rd3 Rd6) 27. Rd1 ({White should try} 27. Nd5 $1 $16 {[%mdl 512]}) 27... Qa5 (27... Rd6 $1 $15 {keeps the upper hand.} 28. Rxd6 Bxd6) 28. Nd5 $16 Nfg4 {[#]} 29. Rc3 $1 {Threatens to win with h3.} Bc5 {[#]} 30. Rf1 $1 {And now Nf5 would win.} Bd4 31. Rc7 $36 {[%mdl 2112] Discovered Attack. Keeping Black busy.} Bxb2 32. Qxb2 {aiming for h3.} Nf6 $2 {This costs Black the game.} (32... Rg6 $16 {might work better.}) 33. b4 $18 Qb5 {...Nxe4! is the strong threat.} 34. Nxf6 Rxf6 (34... Rf8 $142 35. Qd2 (35. Rc5 Qxf1+ 36. Nxf1 Rexf6 $15) 35... Qxf1+ 36. Nxf1 Rexf6) 35. Rxf6 gxf6 36. h3 Qb6 $2 (36... Rf8 37. Qc1 Nf7) 37. Qc1 Kg8 38. Nf5 {Rg7+ would kill now.} Nf7 39. Qf4 Ng5 40. Nxh6+ Kf8 {[#]} 41. Qxg5 $1 {[%mdl 512] Accuracy: White = 71%, Black = 34%.} 1-0

[Event "VII Sunway Sitges Open 2020"]
[Site "Sitges"]
[Date "2020.12.22"]
[Round "9.10"]
[White "Dardha, Daniel"]
[Black "Lopez Martinez, Josep Manuel"]
[Result "1-0"]
[WhiteElo "2487"]
[BlackElo "2542"]
[Annotator "TA"]
[PlyCount "83"]
[EventDate "2020.12.13"]
[EventType "swiss"]
[EventCountry "ESP"]
[SourceTitle "playchess.com"]
[Source "ChessBase"]
[SourceQuality "1"]

{[%evp 9,83,0,10,10,8,0,-1,-5,-10,-67,-60,-68,-68,-69,-60,-62,-50,-59,0,0,0,0,0,0,0,0,0,0,0,-10,-10,-15,-10,-14,-14,-14,-14,-14,-14,-12,-14,-25,0,0,0,0,0,0,0,0,25,26,33,0,0,0,5,0,5,7,25,25,84,34,35,0,0,0,221,218,211,204,345,297,291,266]} 1. d4 Nf6 2. c4 g6 3. d5 Bg7 4. Nc3 O-O 5. Nf3 d6 6. e4 {E60: King's Indian: Unusual lines and Fianchetto Variation without Nc3.} e6 7. dxe6 {[#]} fxe6 $146 ({Predecessor:} 7... Bxe6 8. Be2 Re8 9. Be3 Ng4 10. Bg5 f6 11. Bh4 Nc6 12. O-O Nge5 13. Nd5 Nf7 {1-0 (58) Fedoseev,V (2658)-Zherebukh,Y (2605) Saint Louis 2017}) 8. e5 {The position is equal.} dxe5 {With the idea ...Qxd1+.} 9. Nxe5 (9. Qxd8 $11 Rxd8 10. Nxe5) 9... Qxd1+ $15 10. Nxd1 Ne4 11. Nd3 Nc6 12. Be3 b6 13. g3 {And now Bg2 would win.} Nd4 (13... Na5 $15 14. Bg2 Bb7) 14. Bxd4 $11 Bxd4 15. Bg2 Bb7 {White must now prevent ...Nxf2.} 16. O-O Nd6 17. Bxb7 (17. Re1 {with more complications.} Rad8 18. Bxb7 Nxb7 19. Rxe6 Bg7 20. Nf4) 17... Nxb7 18. Re1 Rae8 19. Ne5 Nc5 20. Rb1 a5 21. Re2 Kg7 22. Kg2 Bxe5 23. Rxe5 Rd8 24. Re2 Rd4 25. b3 Rd3 26. Nb2 Rdf3 27. Rd1 e5 28. Rdd2 e4 29. Nd1 Rd3 (29... R8f7 {feels hotter.} 30. Rc2 Rd3 31. Nc3 Rd4 32. Rcd2 Rfd7) 30. Rxd3 exd3 {[%mdl 4096] Endgame KRN-KRN} 31. Re3 Rd8 32. Kf1 Kf6 33. Ke1 Rd4 34. Nc3 {[#]} a4 $1 {[%mdl 512]} 35. b4 (35. bxa4 Rxc4) 35... Nd7 (35... Nb7 $11 {remains equal.}) 36. Nd5+ Kf5 37. Kd2 c6 $1 {[%cal Rc6d5]} 38. Ne7+ {[%mdl 64] [#] Double Attack} Kf6 $2 (38... Kg4 $11 {and Black has nothing to worry.}) 39. Nxc6 $18 Rxc4 40. Rxd3 Kg5 (40... Rxc6 {was called for.} 41. Rxd7 h5) 41. Rxd7 Rxc6 42. Rxh7 {Weighted Error Value: White=0.08/Black=0.25} 1-0

[Event "VII Sunway Sitges Open 2020"]
[Site "Sitges"]
[Date "2020.12.22"]
[Round "9.11"]
[White "Batsiashvili, Nino"]
[Black "Mendonca, Leon Luke"]
[Result "0-1"]
[WhiteElo "2460"]
[BlackElo "2516"]
[Annotator "TA"]
[PlyCount "128"]
[EventDate "2020.12.13"]
[EventType "swiss"]
[EventCountry "ESP"]
[SourceTitle "playchess.com"]
[Source "ChessBase"]
[SourceQuality "1"]

{[%evp 10,128,6,2,5,0,6,2,2,6,17,0,7,4,8,6,0,-15,-17,-20,-18,-18,-10,-39,-41,-46,-31,-33,-30,-39,-25,-32,-23,-26,-20,-20,-20,-24,-3,-17,0,-25,-5,-25,-21,-25,-25,-26,-31,-68,-68,-70,-36,-37,-22,-38,-39,-40,-50,-56,-52,-53,-41,-44,-5,-52,-52,-85,0,-27,0,-85,-85,-105,-93,-100,-90,-109,-64,-69,-67,-331,-340,-285,-311,-521,-481,-502,-521,-519,-454,-408,-383,-714,-714,-479,-703,-696,-681,-656,-588,-1034,-936,-6341,-6149,-12108,-9002,-29971,-29973,-29972,-29973,-29973,-29974,-29974,-4631,-29982,-29983,-29982,-29983,-29982,-29980]} 1. d4 Nf6 2. c4 c6 3. Nf3 d5 4. Qc2 dxc4 5. Qxc4 Bg4 6. Nbd2 Nbd7 {D23: Queen's Gambit Accepted: 3 Nf3 Nf6 sidelines.} 7. g3 e6 8. Bg2 Be7 {The position is equal.} 9. O-O O-O 10. Qb3 Qb6 11. Nc4 Qa6 12. Re1 Rfd8 13. Bf4 Bxf3 14. Bxf3 Nb6 15. Nxb6 Qxb6 {[#]} 16. Rad1 $146 ({Predecessor:} 16. Red1 Qxb3 17. axb3 Nd5 18. Bd2 Rd7 19. Ba5 Bf6 20. e3 a6 21. h4 g6 22. Kg2 {½-½ (79) Agrest,E (2561)-Jaracz,P (2490) Dresden 2007}) 16... Qxb3 17. axb3 Nd5 18. Bd2 Bb4 19. e3 a5 20. h4 g6 21. Re2 Bxd2 22. Rexd2 Nb4 23. Kf1 a4 24. bxa4 Rxa4 25. Be4 Rda8 26. Ke2 Kg7 (26... R8a6 {with more complications.} 27. Bf3 Rb6 28. e4 Ra2 29. Kf1 Kg7) 27. Bc2 Nxc2 28. Rxc2 $11 {[%mdl 4096] Endgame KRR-KRR} Rb4 29. Rd3 Ra2 30. Rdd2 Kf6 31. Kd3 Kf5 32. Kc3 Rb5 33. f3 Ra1 34. e4+ Kf6 35. b3 Rba5 36. Kb4 h5 37. Rc5 Ra6 38. Rcc2 R6a5 (38... Ke7 $17) 39. Rc5 Ra6 (39... Ra8 $11) 40. Rcc2 $17 Ke7 41. d5 Rb6+ 42. Kc4 cxd5+ 43. exd5 exd5+ 44. Rxd5 Rg1 45. Rb5 $2 {[%mdl 8192] [#] White does not recover from this.} ({White should play} 45. Re5+ $15 Kf6 46. Rg5) 45... Rxb5 $19 46. Kxb5 Rxg3 {KR-KR} 47. Rc7+ $2 (47. Kb6 {was worth a try.} Rxf3 48. Re2+ Kd7 49. b4) 47... Ke6 48. Rxb7 Rxf3 49. b4 Rf4 50. Rb6+ Kf5 51. Kc5 $2 (51. Rc6 Rxh4 52. Rc1) 51... Rxh4 52. Rb7 f6 53. b5 Rh1 54. b6 Rb1 55. Rh7 Kg4 56. b7 f5 57. Kc6 f4 58. Rd7 f3 59. Rd4+ Kg3 60. Rd6 g5 61. Rd5 {[#]} Rxb7 $1 {[%mdl 576] Promotion} 62. Kxb7 g4 {Black mates.} 63. Rxh5 f2 64. Rf5 Kg2 {Weighted Error Value: White=0.75/Black=0.07} 0-1

[Event "VII Sunway Sitges Open 2020"]
[Site "Sitges"]
[Date "2020.12.22"]
[Round "9.13"]
[White "Plat, Vojtech"]
[Black "Lever, Erwan"]
[Result "1-0"]
[WhiteElo "2562"]
[BlackElo "2200"]
[Annotator "TA"]
[PlyCount "97"]
[EventDate "2020.12.13"]
[EventType "swiss"]
[EventCountry "ESP"]
[SourceTitle "playchess.com"]
[Source "ChessBase"]
[SourceQuality "1"]

{[%evp 11,97,15,11,22,11,12,23,0,19,-22,-22,-19,-18,-31,-21,-45,0,-7,0,-56,-23,-27,-17,-63,-64,-64,-66,-78,-49,-54,-32,-45,0,-30,-31,-16,-22,-22,-19,-24,-8,-16,-23,-35,0,-18,43,54,43,0,18,15,17,14,24,11,363,368,418,425,433,433,419,375,593,565,585,577,700,659,6049,568,5335,5143,29973,29967,5501,29954,29982,29983,29983,29984,29984,29985,29987,29985,29989,29989]} 1. c4 Nf6 2. g3 e6 3. Bg2 d5 4. Nf3 d4 5. O-O c5 6. d3 Nc6 7. e3 {A09: Réti Opening: 1 Nf3 d5 2 c4.} Be7 8. exd4 cxd4 9. Re1 {White has an edge.} O-O 10. Nbd2 Nd7 11. a3 a5 12. b3 e5 13. Rb1 f6 14. Nh4 {[#]} Nc5 $146 ({Predecessor:} 14... f5 15. Bd5+ Kh8 16. Qh5 Bxh4 17. Qxh4 Qxh4 18. gxh4 Nc5 19. Bxc6 bxc6 20. Rxe5 Nxd3 {0-1 (34) Bollengier,A (2234)-Leconte,M (2191) Monteux 2016}) 15. Bd5+ (15. Ne4 $11) 15... Be6 16. Bxe6+ Nxe6 {[#]} 17. f4 $1 {[%mdl 512]} Nc5 (17... exf4 18. Rxe6) 18. Ndf3 exf4 19. gxf4 f5 20. Ng2 $1 Bf6 21. Qc2 Qd6 22. b4 axb4 23. axb4 Na4 24. b5 Ne7 $1 25. Bd2 Nc3 26. Ra1 (26. Bxc3 $5 dxc3 27. Kh1 $15) 26... Ng6 27. Kf1 Qc7 28. Qb3 Kh8 (28... Rxa1 $11 29. Rxa1 Rb8) 29. Rxa8 $14 Rxa8 {[#]} 30. Qa3 $1 {[%mdl 512]} Rc8 ({Worse is} 30... Rxa3 31. Re8+ Nf8 32. Rxf8#) 31. Qa7 $36 {[%mdl 2048] White is more active.} Qd7 32. Ne5 Bxe5 33. fxe5 {And now e6 would win.} Re8 $2 {[%mdl 8192] [#] This costs Black the game.} (33... Ne4 $1 $11 {and Black is okay.} 34. dxe4 Nxe5) 34. e6 $1 $18 {[%cal Re6d7][%mdl 512]} Qd6 (34... Rxe6 35. Qb8+) 35. Qxb7 Qxh2 {[#] White should prevent ...Ne5.} 36. Qd7 $1 {[%mdl 512]} Rg8 {White must now prevent ...f4.} 37. Qxd4 Ne4 (37... f4 $142 38. Bxf4 (38. Bxc3 f3 $11) 38... Qh3) 38. dxe4 f4 {aiming for ...f3.} 39. Qf2 f3 40. Qxf3 Rf8 41. Qxf8+ {[%mdl 64] Deflection, Promotion} Nxf8 42. e7 {[%cal Re7f8]} Qb8 43. Rd1 Qe8 44. Bb4 Ne6 {[#]White mates.} 45. Nf4 $1 {[%mdl 512]} h6 (45... Nxf4 46. Rd8) 46. Nxe6 Qf7+ 47. Ke1 Kh7 48. Rd8 Qf3 49. Nf8+ {Weighted Error Value: White=0.11/Black=0.42} 1-0

[Event "VII Sunway Sitges Open 2020"]
[Site "Sitges"]
[Date "2020.12.22"]
[Round "9.14"]
[White "Krysa, Leandro"]
[Black "Romanishin, Oleg M"]
[Result "1/2-1/2"]
[WhiteElo "2531"]
[BlackElo "2402"]
[Annotator "TA"]
[PlyCount "81"]
[EventDate "2020.12.13"]
[EventType "swiss"]
[EventCountry "ESP"]
[SourceTitle "playchess.com"]
[Source "ChessBase"]
[SourceQuality "1"]

{[%evp 14,81,0,0,0,0,0,1,19,8,7,16,19,18,17,0,13,16,20,3,35,35,35,35,50,47,47,38,41,51,35,20,29,24,30,35,33,18,21,12,51,13,11,0,19,-7,0,0,0,0,0,0,0,0,0,0,0,0,0,0,0,0,0,0,0,0,0,0,0,0]} 1. c4 e5 2. Nc3 Nf6 3. g3 d5 4. cxd5 Nxd5 5. Bg2 Nb6 6. d3 Be7 7. Be3 $1 {[%mdl 4] is now more promising than 7.Nf3.} O-O 8. Rc1 Re8 {A22: English Opening: 1...e5 2 Nc3 Nf6.} 9. Qc2 Bf8 10. a3 c6 11. Nf3 N8d7 {[%cal Bb8d7,Bd7f6,Bf6d5][%mdl 32]} 12. O-O Nf6 13. Rfd1 {[#]} h6 $146 ({Predecessor:} 13... Bg4 14. Na4 Nxa4 15. Qxa4 Qc8 16. Qc2 g6 17. b4 Nd5 18. Bc5 Bh6 19. e3 Qd7 {0-1 (27) Paszewski,M (2272)-Nasuta,G (2454) Trzcianka 2016}) 14. Na4 Nfd5 15. Bc5 Nxa4 16. Bxf8 Nxb2 17. Qxb2 {[#] Hoping for Bc5.} Kxf8 18. e4 Qb6 19. Qa1 Nf6 20. Nxe5 Ng4 $1 21. Nxg4 $1 Bxg4 22. Rd2 Rad8 23. d4 Re7 24. h3 Be6 25. Rcd1 Red7 26. Qc3 Kg8 27. Kh2 Qb3 {The position is equal.} 28. Qc5 Qb6 29. Qe5 Qc7 {[#] Threatens to win with ...Qxe5.} 30. Qxc7 Rxc7 31. d5 cxd5 32. exd5 Bd7 33. d6 Rc3 34. Bxb7 Rxa3 35. Rc1 Be6 36. Rc7 Kf8 37. Bc6 a5 38. Ra7 Ra2 39. Rxa2 Bxa2 40. Rxa5 Rxd6 41. Rxa2 {Weighted Error Value: White=0.04/Black=0.05} 1/2-1/2

[Event "VII Sunway Sitges Open 2020"]
[Site "Sitges"]
[Date "2020.12.22"]
[Round "9.15"]
[White "Yu, Jennifer"]
[Black "Cuenca Jimenez, Jose Fernando"]
[Result "0-1"]
[WhiteElo "2315"]
[BlackElo "2528"]
[Annotator "TA"]
[PlyCount "90"]
[EventDate "2020.12.13"]
[EventType "swiss"]
[EventCountry "ESP"]
[SourceTitle "playchess.com"]
[Source "ChessBase"]
[SourceQuality "1"]

{[%evp 9,90,26,26,3,20,7,10,10,9,1,0,-6,0,-15,0,0,8,0,19,13,2,0,0,0,0,0,0,-8,75,79,74,83,85,46,45,52,52,30,41,31,40,28,60,-13,-14,-14,-17,-66,-64,-77,-76,-79,-64,-76,-52,-108,-110,-284,-277,-361,-361,-357,-348,-379,-343,-570,-571,-566,-568,-559,-537,-718,-595,-1504,-1473,-1436,-1411,-1843,-1863,-1658,-1614,-1066,-898]} 1. c4 e5 2. Nc3 Bb4 3. Nd5 Bc5 4. Nf3 c6 5. Nc3 d6 6. d4 {A21: English Opening: 1...e5 2 Nc3.} exd4 7. Nxd4 Nf6 8. e3 {The position is equal.} O-O 9. Be2 d5 10. O-O dxc4 11. Bxc4 {[#]} Qe7 $146 ({Predecessor:} 11... Nbd7 12. a3 Nb6 13. Ba2 Qe7 14. Nce2 Bd7 15. Qc2 Bd6 16. Nf5 Bxf5 17. Qxf5 Qe5 18. Qxe5 Bxe5 {0-1 (55) Spoelman,W (2578)-Kollars,D (2562) chess.com INT 2019}) 12. Qc2 Rd8 13. Rd1 g6 14. h3 Nbd7 15. a3 Nb6 16. Ba2 Bxd4 17. exd4 Bf5 18. Qd2 Rd7 (18... Re8 $11) 19. Re1 $16 Qd8 20. Qh6 Nfd5 21. Ne4 Bxe4 $1 22. Rxe4 Qf8 23. Qxf8+ Rxf8 24. Bh6 Rfd8 25. Rae1 {[#] Re8+ would kill now.} f6 26. f4 (26. f3 $14) 26... Nc8 $11 {Black wants to play ...Nd6.} 27. g4 Kf7 28. h4 Re7 29. Kf2 Rxe4 30. Rxe4 Nd6 31. Re2 Nb5 32. f5 (32. a4 $15 Nxd4 33. Re4) 32... gxf5 $17 33. Bb1 $2 {This costs White the game.} (33. a4 $17 {is a better defense.} Nd6 34. Bxd5+ cxd5 35. g5) 33... fxg4 $19 34. Rd2 Nd6 35. Kg3 f5 36. Rf2 Kg6 37. Bd2 $2 (37. Bf4 {was forced.} Nxf4 38. Kxf4) 37... h5 {Black is clearly winning.} 38. Re2 {If only White now had time for Re6+....} Re8 39. Rxe8 Nxe8 {[%mdl 4096] Endgame KBB-KNN} 40. Ba2 Nef6 {[#] Threatens to win with ...Ne4+.} 41. Bc1 Ne4+ 42. Kh2 f4 43. Bxd5 cxd5 44. Bxf4 Kf5 45. Be5 Nd2 {Accuracy: White = 51%, Black = 94%.} 0-1

[Event "VII Sunway Sitges Open 2020"]
[Site "Sitges"]
[Date "2020.12.22"]
[Round "9.16"]
[White "Vasquez Schroeder, Rodrigo"]
[Black "Esplugas Esteve, Vicenc"]
[Result "1-0"]
[WhiteElo "2441"]
[BlackElo "2319"]
[Annotator "TA"]
[PlyCount "85"]
[EventDate "2020.12.13"]
[EventType "swiss"]
[EventCountry "ESP"]
[SourceTitle "playchess.com"]
[Source "ChessBase"]
[SourceQuality "1"]

{[%evp 11,85,4,13,12,18,14,14,20,25,19,37,0,0,-10,0,0,0,0,4,0,-3,-10,0,-24,2,0,0,0,42,45,81,74,90,81,102,100,103,93,85,98,107,108,106,110,100,0,49,56,273,253,344,226,269,264,265,250,246,247,293,256,337,226,226,232,219,226,214,193,264,239,500,493,506,516,546,545]} 1. Nf3 Nf6 2. c4 e6 3. b3 d5 4. Bb2 Be7 5. e3 O-O 6. Nc3 b6 7. cxd5 {A13: English Opening: 1...e6.} exd5 8. d4 Nbd7 9. Bd3 {The position is equal.} Bd6 10. O-O a6 11. Rc1 Bb7 12. Qe2 Re8 13. Rfd1 Qe7 {[#]} 14. Na4 $146 ({Predecessor:} 14. Nh4 g6 15. Nf3 Ne4 16. Qc2 Rac8 17. Ne2 Ndf6 18. Ng3 h5 19. Qe2 Ra8 20. Ne5 {0-1 (48) Nguyen,T (2321)-Wang,J (2362) Ashkhabad 2017}) 14... Ne4 15. Rc2 b5 16. Nc3 f5 17. Qe1 Qf6 18. a4 b4 19. Ne2 Re7 20. Rdc1 Nf8 21. Ne5 Ne6 22. Nf4 c5 {Black wants to play ...cxd4.} 23. Nxe6 Qxe6 24. Nf3 {[%cal Rd4c5]} c4 25. bxc4 {Hoping for c5.} b3 {[#]} 26. Re2 $1 dxc4 27. Bxc4 Bd5 28. Bd3 (28. Bxd5 $16 Qxd5 29. Ne5) 28... Rb7 29. Ne5 {f3 is the strong threat.} Bb4 $2 {A mistake that costs the game.} (29... Rc7 $1 $14) 30. Qd1 $18 Qb6 31. Bc4 Qe6 32. Qxb3 Bxc4 33. Qxc4 Qxc4 34. Rxc4 Bd2 35. Rc2 {[#] Strongly threatening f3.} Rab8 36. Nc4 {Black must now prevent f3.} ({Weaker is} 36. Rexd2 Nxd2 37. Rxd2 Rxb2 $15) 36... Rc7 37. f3 Nd6 38. Rexd2 Nxc4 39. Bc1 Rb1 (39... Rbc8 $142) 40. Re2 Ra1 $2 (40... Rc8 41. d5 Nd6) 41. Rc3 {White is clearly winning.} Rxa4 42. Rec2 Kf7 43. Kf2 {Weighted Error Value: White=0.14/Black=0.38} 1-0

[Event "VII Sunway Sitges Open 2020"]
[Site "Sitges"]
[Date "2020.12.22"]
[Round "9.17"]
[White "Gines Esteo, Pedro Antonio"]
[Black "Garcia Jimenez, Francisco Javier"]
[Result "1-0"]
[WhiteElo "2437"]
[BlackElo "2288"]
[Annotator "TA"]
[PlyCount "39"]
[EventDate "2020.12.13"]
[EventType "swiss"]
[EventCountry "ESP"]
[SourceTitle "playchess.com"]
[Source "ChessBase"]
[SourceQuality "1"]

{[%evp 21,39,28,71,74,58,63,124,137,132,137,244,239,348,312,309,304,313,302,808,784]} 1. Nf3 d5 2. g3 Nf6 3. Bg2 e6 4. O-O Be7 5. d4 O-O 6. c4 b6 7. cxd5 exd5 8. Nc3 Bb7 9. Bf4 Nbd7 10. Rc1 c5 11. dxc5 bxc5 12. Nh4 {E18: Queen's Indian: Old Main Line (4 g3 Bb7 5 Bg2 Be7 6 0-0 0-0 7 Nc3).} Nb6 13. Nf5 {[#]} Re8 $146 {[#]} (13... Qd7 $14 14. Nxe7+ Qxe7) ({Predecessor:} 13... Qd7 14. e4 d4 15. Nxe7+ Qxe7 16. Nb5 Rfd8 17. Nd6 Rxd6 18. Bxd6 Qxd6 19. e5 Qxe5 20. Bxb7 {1-0 (37) Vidit,S (2441)-Elorta,D (2372) Subic Bay 2009}) 14. Nb5 $1 $16 {[%cal Bc3b5,Bb5d6,Bd6f7][%mdl 32] White is better.} Bf8 15. Nbd6 Bc6 (15... Ba6 $16) 16. Rxc5 $18 ({Don't do} 16. Nxe8 $6 Qxe8 17. b4 Ba4 $16) 16... Qd7 (16... Bd7 $142) 17. Bh3 ({Don't play} 17. Nxe8 Rxe8 18. Rc1 Ba4) 17... Re6 {[#]} 18. Rxc6 $1 {[%mdl 576] Decoy} Qxc6 19. Nd4 $1 {[%csl LRc6,LRe6][%mdl 64] Double Attack, Discovered Attack} Qd7 $2 {[#]} (19... Rxd6 20. Nxc6 Rxc6) 20. Nxf7 $1 {[%mdl 512] Black did not feel at home in the position after the opening.  Weighted Error Value: White=0.04/Black=0.49} 1-0

[Event "VII Sunway Sitges Open 2020"]
[Site "Sitges"]
[Date "2020.12.22"]
[Round "9.19"]
[White "Souhardo Basak"]
[Black "Gatineau, Yovann"]
[Result "1-0"]
[WhiteElo "2216"]
[BlackElo "2423"]
[Annotator "TA"]
[PlyCount "59"]
[EventDate "2020.12.13"]
[EventType "swiss"]
[EventCountry "ESP"]
[SourceTitle "playchess.com"]
[Source "ChessBase"]
[SourceQuality "1"]

{[%evp 9,58,51,65,62,59,53,62,65,63,36,58,34,35,37,68,71,72,65,81,84,89,83,100,112,106,68,62,20,152,163,195,129,126,123,129,129,158,0,63,0,0,6,885,862,976,719,29983,29983,2197,2150,29999]} 1. e4 c6 2. d4 g6 3. Nc3 d5 4. e5 Bg7 5. f4 Qb6 6. Nf3 {B15: Caro-Kann: 3 Nc3: 3...g6 and 3...dxe4 4 Nxe4 Nf6 5 Nxf6+ exf6.} Bg4 7. Be2 Nh6 8. Na4 {White is slightly better.} Qc7 9. Be3 Nd7 10. O-O {[#]} (10. h3 $5 {[%cal Rh3g4]} Bxf3 11. Bxf3 $14) 10... Nf5 $146 ({Predecessor:} 10... f6 11. b3 O-O 12. c4 dxc4 13. Bxc4+ Kh8 14. Be2 Rad8 15. Qc2 Nf5 16. Bf2 Bh6 {½-½ (57) Franklin,S (2179)-Conquest,S (2509) England 2012}) 11. Bf2 Bxf3 12. Bxf3 h5 13. b3 b5 14. Nb2 O-O 15. h3 c5 16. dxc5 Nxc5 17. Qxd5 Rac8 18. g4 Nh6 (18... Nh4 $11 {keeps the balance.} 19. Bd1 (19. Bxh4 Rfd8 $15) 19... Rfd8) 19. Nd3 $16 Ne6 20. Be3 (20. gxh5 $18 g5 21. fxg5 (21. Qxb5 gxf4 22. Rac1 Ng5 $16) 21... Nxg5 22. Bg2) 20... hxg4 21. hxg4 Rfd8 22. Qe4 {Hoping for f5.} Qc3 23. f5 $2 (23. Bxa7 $16 {Strongly threatening Rad1.} Nd4 24. Rac1) 23... Nd4 ({Black should play} 23... gxf5 $11 24. gxf5 Nd4) 24. Bxh6 (24. fxg6 $14 Nxf3+ 25. Qxf3 fxg6 26. Rad1) 24... Bxh6 $11 25. fxg6 Nxc2 $2 {[%mdl 8192] [#] Loses the game.} (25... Nxf3+ $11 26. Qxf3 Qd4+ 27. Kh1 fxg6) 26. Qf5 $3 $18 {[%cal Rf5f7][%mdl 512]} Qd4+ 27. Kh1 Bg7 28. gxf7+ Kf8 {[#]} 29. Nf4 $1 {[%cal Rf4g6][%mdl 512]} Rc7 30. Ne6# {Accuracy: White = 70%, Black = 46%.} 1-0